Sir Francis Galton correspondence, (Record no. 40819)

MARC details
000 -LEADER
fixed length control field 00830cpcaa2200253 4500
001 - CONTROL NUMBER
control field mm 79001485
003 - CONTROL NUMBER IDENTIFIER
control field DLC
005 - DATE AND TIME OF LATEST TRANSACTION
control field 20260227111637.0
008 - FIXED-LENGTH DATA ELEMENTS--GENERAL INFORMATION
fixed length control field 790601|||||||||||| eng
010 ## - LIBRARY OF CONGRESS CONTROL NUMBER
LC control number mm 79001485
040 ## - CATALOGING SOURCE
Original cataloging agency DLC
Transcribing agency DLC
Description conventions dacs
Modifying agency DLC
072 #7 - SUBJECT CATEGORY CODE
Subject category code S
Source lcmd
100 1# - MAIN ENTRY--PERSONAL NAME
Personal name Galton, Francis,
Dates associated with a name 1822-1911.
245 00 - TITLE STATEMENT
Title Sir Francis Galton correspondence,
Inclusive dates 1875.
300 ## - PHYSICAL DESCRIPTION
Extent 1
Type of unit item.
506 0# - RESTRICTIONS ON ACCESS NOTE
Terms governing access Open to research.
520 8# - SUMMARY, ETC.
Summary, etc. ALS ([18?]75 April 14) to G.P. [Navenstein?]
545 0# - BIOGRAPHICAL OR HISTORICAL DATA
Biographical or historical data Scientist.
546 ## - LANGUAGE NOTE
Language note Collection material in English.
580 ## - LINKING ENTRY COMPLEXITY NOTE
Linking entry complexity note Forms part of: Miscellaneous Manuscripts collection.
656 #7 - INDEX TERM--OCCUPATION
Occupation Scientists.
Source of term itoamc

No items available.

Powered by Koha